Phân tích các yếu tố tác động đến tăng trưởng nông nghiệp tỉnh Trà Vinh : Luận văn tốt nghiệp Cao học. Chuyên ngành Kinh tế nông nghiệp

Mục tiêu chung của đề tài là phân tích các yếu tố tác động đến tăng trường nông nghiệp tỉnh Trà Vinh, từ đó đề ra các giải pháp nhằm thúc đẩy tăng trường nông nghiệp của Tỉnh.

Uloženo v:
Podrobná bibliografie
Hlavní autor: Hà, Thị Diễm Trang
Médium: Kniha
Jazyk:Undetermined
Vydáno: Cần Thơ Trường Đại học Cần Thơ 2017
Témata:
Tagy: Přidat tag
Žádné tagy, Buďte první, kdo otaguje tento záznam!
Thư viện lưu trữ: Trung tâm Học liệu Trường Đại học Cần Thơ
LEADER 01172nam a2200229Ia 4500
001 CTU_221549
008 210402s9999 xx 000 0 und d
082 |a 338.14 
082 |b Tr106 
088 |a 60620115 
100 |a Hà, Thị Diễm Trang 
245 0 |a Phân tích các yếu tố tác động đến tăng trưởng nông nghiệp tỉnh Trà Vinh : 
245 0 |b Luận văn tốt nghiệp Cao học. Chuyên ngành Kinh tế nông nghiệp 
245 0 |c Hà Thị Diễm Trang ; Võ Thành Danh (Cán bộ hướng dẫn) 
260 |a Cần Thơ 
260 |b Trường Đại học Cần Thơ 
260 |c 2017 
520 |a Mục tiêu chung của đề tài là phân tích các yếu tố tác động đến tăng trường nông nghiệp tỉnh Trà Vinh, từ đó đề ra các giải pháp nhằm thúc đẩy tăng trường nông nghiệp của Tỉnh. 
650 |a Agriculture,Nông nghiệp 
650 |x Economic aspects,Khía cạnh kinh tế 
904 |i My,Hải 
980 |a Trung tâm Học liệu Trường Đại học Cần Thơ